[Event "Tallinn op"]
[Site "Tallinn"]
[Date "1997.??.??"]
[Round "2"]
[White "Caruso, Augusto"]
[Black "Rumpl, Erwin"]
[Result "1/2-1/2"]
[WhiteElo "2265"]
[BlackElo "2190"]

1.e4 c5 2.Nf3 e6 3.Nc3 Nc6 4.d4 cxd4 5.Nxd4 a6 6.g3 Nge7 7.Nb3 d6 8.a4 Na5
9.Nxa5 Qxa5 10.Bg2 Nc6 11.O-O Be7 12.Bd2 Qc7 13.a5 Bd7 14.Qe1 Nd4 15.Rc1 Bf6
16.e5 dxe5 17.Ne4 Be7 18.Bb4 Bb5 19.Bxe7 Qxe7 20.c4 Bc6 21.Qe3 O-O 22.f4 Nf5
23.Qc3 Bxe4 24.Bxe4 Qc5+ 25.Kh1 Nd6 26.Bg2 e4 27.b4 Qh5 28.Qe5 Nf5 29.Kg1 e3
30.Bf3 Qg6 31.Be4 Rad8 32.Bxf5 Qxf5 33.Qxe3 Rd3 34.Qe2 Rfd8 35.Rfd1 h5 36.Rxd3 Qxd3
37.Qxd3 Rxd3 38.b5 Kf8 39.bxa6 bxa6 40.c5 Rd7 41.Kf2 Ke7 42.Ke3 Kf8 43.Rb1 Rd5
44.Rb6 Rxc5 45.Rxa6 Ke7 46.Ra7+ Kf6 47.h4 Rc3+  1/2-1/2

[Event "EU-ch U18 Girls"]
[Site "Tallinn"]
[Date "1997.??.??"]
[Round "4"]
[White "Zozulia, Anna"]
[Black "Blimke, Dalia"]
[Result "1/2-1/2"]
[WhiteElo "2280"]
[BlackElo "2180"]

1.e4 c5 2.Nf3 e6 3.d4 cxd4 4.Nxd4 Nc6 5.Nc3 Qc7 6.Be2 a6 7.O-O Nf6 8.a3 Nxd4
9.Qxd4 Bd6 10.Kh1 Be5 11.Qd3 b5 12.f4 Bxc3 13.bxc3 Bb7 14.e5 Ne4 15.Bf3 Nc5
16.Qd4 O-O 17.Bxb7 Nxb7 18.a4 d5 19.f5 Qc4 20.Qxc4 dxc4 21.Rb1 Nc5 22.fxe6 fxe6
23.Rxf8+ Rxf8 24.Ba3 Rc8 25.axb5 axb5 26.Rxb5 Ne4 27.Bb4 Rd8 28.h4 h5 29.Rb6 Nf2+
30.Kh2 Ng4+ 31.Kg3 Kf7 32.Bd6 Ra8 33.Kf4 Kg6 34.Bb4 Kf7 35.Bd6 Kg6 36.Bb8 Kh7
37.Kg5 Ra5 38.Rb7 Kg8 39.Kg6 Kf8 40.Bd6+ Ke8 41.Kxg7 Nxe5 42.Kf6 Nd7+ 43.Kxe6 Nf8+
44.Bxf8 Kxf8 45.Rf7+ Kg8 46.Rf4 Ra6+ 47.Kf5 Ra2 48.Rxc4 Rxc2 49.g4 hxg4 50.Rxg4+ Kf7
51.c4 Re2 52.c5 Rc2 53.Ra4 Rxc5+ 54.Kg4 Rc7  1/2-1/2

[Event "EU-ch U18 Girls"]
[Site "Tallinn"]
[Date "1997.??.??"]
[Round "6"]
[White "Kalinina, Vladislava"]
[Black "Blimke, Dalia"]
[Result "1/2-1/2"]
[WhiteElo "2215"]
[BlackElo "2180"]

1.e4 c5 2.Nf3 e6 3.d4 cxd4 4.Nxd4 Nc6 5.Nc3 Qc7 6.Be3 a6 7.a3 Nf6 8.Be2 b5
9.O-O Bb7 10.f4 Nxd4 11.Qxd4 Rc8 12.Bf3 Bc5 13.Qxc5 Qxc5 14.Bxc5 Rxc5 15.e5 Bxf3
16.Rxf3 Nd5 17.Nxd5 Rxd5 18.Rd3 Ke7 19.Rxd5 exd5 20.Kf2 Rc8 21.Rc1 d6 22.exd6+ Kxd6
23.Ke3 Rc4 24.g3 f5 25.Kd3 Re4 26.c3 Kc5 27.Rc2  1/2-1/2

[Event "EU-ch U16"]
[Site "Tallinn"]
[Date "1997.??.??"]
[Round "6"]
[White "Bokros, Albert"]
[Black "Kundin, Alexander"]
[Result "1/2-1/2"]
[WhiteElo "2310"]
[BlackElo "2305"]

1.e4 c5 2.Nf3 Nc6 3.d4 cxd4 4.Nxd4 e6 5.Nc3 Qc7 6.g3 a6 7.Bg2 Nf6 8.O-O Nxd4
9.Qxd4 Bc5 10.Bf4 d6 11.Qd2 h6 12.Rad1 e5 13.Be3 Ke7 14.h3 Be6 15.f4 Rhd8
16.Kh1 Kf8 17.Rf3 Bb4 18.Qf2 Bxc3 19.Bb6 Nxe4 20.Bxc7 Nxf2+ 21.Rxf2 Bxb2
22.Bxb7 Rab8 23.Rxd6 Bd4 24.Rd2 Rxb7 25.Rxd8+ Ke7 26.Bxe5 Kxd8 27.Rxd4+ Rd7
28.Rxd7+ Kxd7 29.Bxg7 Bxh3 30.Bxh6 Kc6 31.Bf8 Kd5 32.Kh2 Bf5 33.c3 Kc4 34.Bb4 Bg4
35.a4 f5 36.a5 Kd3 37.Kg2 Kc4 38.Kg1 Kd3 39.Kf2 Bh5 40.Kg2 Bg4 41.Kf2  1/2-1/2

[Event "EST-ch"]
[Site "Tallinn"]
[Date "1997.??.??"]
[Round "8"]
[White "Rytshagov, Mikhail"]
[Black "Seeman, Tarvo"]
[Result "1-0"]
[WhiteElo "2485"]
[BlackElo "2355"]

1.e4 c5 2.Nf3 e6 3.d4 cxd4 4.Nxd4 Nc6 5.Nc3 d6 6.Be3 Nf6 7.f3 Be7 8.Qd2 O-O
9.O-O-O a6 10.g4 Nd7 11.h4 Nxd4 12.Bxd4 b5 13.Kb1 Bb7 14.g5 b4 15.Ne2 a5
16.Ng3 Qc7 17.Bb5 Ne5 18.Qf2 Nc4 19.f4 Rfc8 20.f5 exf5 21.Nxf5 Bf8 22.Nh6+ Kh8
23.Nxf7+ Kg8 24.Nh6+ Kh8 25.Rhe1 a4 26.h5 b3 27.cxb3 axb3 28.axb3 Na5 29.Ba4 Qe7
30.Qf7 Qxf7 31.Nxf7+ Kg8 32.g6 Bc6 33.Bc3 Nb7 34.Bxc6 Rxc6 35.b4 Re8 36.e5 hxg6
37.hxg6 d5 38.Rg1 Ree6 39.Rxd5 Rxg6 40.Rxg6 Rxg6 41.Rd7 Rb6 42.e6 Bxb4 43.Bd4 Rb5
44.Ne5 Kf8 45.Ng6+ Ke8 46.Rxg7  1-0

[Event "EU-ch U18"]
[Site "Tallinn"]
[Date "1997.??.??"]
[Round "8"]
[White "Ribshtein, Nati"]
[Black "Novak, Pavel"]
[Result "1-0"]
[WhiteElo "2335"]
[BlackElo "2215"]

1.e4 c5 2.Nf3 e6 3.d4 cxd4 4.Nxd4 Nc6 5.Nc3 Qc7 6.Be2 a6 7.O-O Nf6 8.Be3 Bb4
9.Na4 Be7 10.Nxc6 bxc6 11.Nb6 Rb8 12.Nxc8 Qxc8 13.e5 Nd5 14.Bc1 c5 15.Qd3 Nb4
16.Qc4 O-O 17.c3 Nc6 18.f4 a5 19.Bd3 f6 20.exf6 Rxf6 21.Qa4 d5 22.Bb5 Na7
23.Bd7 Qc7 24.Re1 Qd6 25.f5 e5 26.Be6+ Rxe6 27.fxe6 Qxe6 28.Qxa5 Nc6 29.Qa6 e4
30.Bf4 Rxb2 31.Qa8+ Kf7 32.Rf1 Bf6 33.Qa3 Rc2 34.Rac1 Rxc1 35.Bxc1 c4 36.Be3 Kg6
37.Qc1 Ne5 38.a4 Nd3 39.Qc2 Qa6 40.Rb1 Qa5 41.Rb5 Qd8 42.a5 Qd6 43.Bd4 Bxd4+
44.cxd4 Qf4 45.h3 Qe3+ 46.Kh2 Qxd4 47.Qe2 Ne5 48.Rb6+ Kg5 49.Rb7 Kh6 50.a6 Nc6
51.Qg4 Qe5+ 52.Qg3 Qf6 53.Rd7 Ne5 54.Rxd5 c3 55.Qxe5  1-0

[Event "EU-ch U16"]
[Site "Tallinn"]
[Date "1997.??.??"]
[Round "9"]
[White "Pert, Richard G"]
[Black "Bar, Roman"]
[Result "1-0"]
[WhiteElo "2230"]
[BlackElo "2210"]

1.e4 c5 2.Nf3 Nc6 3.Nc3 e6 4.d4 cxd4 5.Nxd4 Qc7 6.f4 a6 7.Nxc6 Qxc6 8.Bd3 b5
9.Qe2 Be7 10.a3 Bb7 11.Bd2 h5 12.Rf1 Nf6 13.e5 Nd5 14.Be4 Nxc3 15.Bxc6 Nxe2
16.Bxb7 Ra7 17.Be4 Nd4 18.Be3 Bc5 19.Bf2 Rc7 20.Rd1 Nf5 21.Bxc5 Rxc5 22.Bxf5 exf5
23.c3 Ke7 24.Kf2 Rh6 25.Rd4 Rc7 26.Rfd1 Rhc6 27.Rd6 a5 28.Ke3 Rb7 29.R1d4 Rbc7
30.h4 Rb7 31.Kd3 Rbc7 32.Ke3 Rb7 33.Kd3 Rbc7 34.a4 Rc5 35.R6d5 bxa4 36.Rxc5 Rxc5
37.Rxa4 Rb5 38.Ra2 d5 39.exd6+ Kxd6 40.c4 Rc5 41.b3 f6 42.Kd4 g6 43.g3 Kc6
44.Re2 Kd6 45.Re6+ Kxe6 46.Kxc5 g5 47.Kc6  1-0

[Event "EU-ch U18 Girls"]
[Site "Tallinn"]
[Date "1997.??.??"]
[Round "9"]
[White "Kalinina, Vladislava"]
[Black "Dorofeeva, Anna"]
[Result "0-1"]
[WhiteElo "2215"]
[BlackElo "2275"]

1.e4 c5 2.Nf3 e6 3.d4 cxd4 4.Nxd4 Nc6 5.Nc3 Qc7 6.Be3 a6 7.Bd3 b5 8.O-O Nf6
9.h3 Bb7 10.Nb3 d6 11.f4 Be7 12.Qf3 Rd8 13.a4 b4 14.Ne2 O-O 15.a5 Nd7 16.Qg3 Kh8
17.f5 e5 18.Qf2 Ncb8 19.g4 d5 20.exd5 Bxd5 21.Rac1 Qb7 22.Nd2 e4 23.Bc4 Ne5
24.Bxd5 Rxd5 25.Nxe4 Rxa5 26.Qf4 Nbd7 27.g5 b3 28.f6 gxf6 29.gxf6 Rg8+ 30.N2g3 Bd8
31.Kh2 Rg6 32.Qh4 bxc2 33.Rxc2 Ra4 34.Rd2 Bxf6 35.Qf4 Rxg3 36.Qxg3 Rxe4 37.Rxf6 Ng4+
38.hxg4 Nxf6 39.Bf4 Qe7 40.g5 Nh5 41.Qc3+ Kg8 42.Qc8+ Kg7 43.Qc3+ Kg6 44.Qc6+ Kf5
45.Qd5+ Kxf4 46.Rf2+ Kg4 47.Qf5+ Kh4 48.Qh3+ Kxg5 49.Rf5+ Kg6 50.Qxh5+ Kg7
51.Rg5+ Kh8 52.Qh6 Re2+ 53.Rg2 Qe5+ 54.Kh3 Rxg2  0-1

[Event "Tanta op"]
[Site "Tanta"]
[Date "1997.??.??"]
[Round "1"]
[White "Conquest, Stuart"]
[Black "Al Ashhab, Saamer"]
[Result "1-0"]
[WhiteElo "2540"]
[BlackElo "2275"]

1.e4 c5 2.Nc3 Nc6 3.Nf3 e6 4.d4 cxd4 5.Nxd4 d6 6.Bc4 Nf6 7.Be3 Be7 8.Qe2 O-O
9.O-O-O Qc7 10.Rhg1 Na5 11.Bd3 a6 12.g4 b5 13.e5 dxe5 14.g5 Nd5 15.Bxh7+ Kxh7
16.Qh5+ Kg8 17.Rg3 Ba3 18.Rh3 Bxb2+ 19.Kxb2 Qxc3+ 20.Kb1 Qb4+ 21.Nb3 Nc3+
22.Ka1 Nxb3+ 23.cxb3  1-0

[Event "Tanta op"]
[Site "Tanta"]
[Date "1997.??.??"]
[Round "3"]
[White "Fadi, Eid"]
[Black "Miles, Anthony J"]
[Result "0-1"]
[WhiteElo "2250"]
[BlackElo "2550"]

1.e4 c5 2.Nf3 e6 3.d4 cxd4 4.Nxd4 Nc6 5.Nc3 Qc7 6.Nxc6 dxc6 7.Bd3 e5 8.O-O Bd6
9.Be3 Ne7 10.Ne2 O-O 11.c4 Ng6 12.Qc2 Qe7 13.Ng3 Nf4 14.Nf5 Bxf5 15.Bxf4 Bg4
16.Be3 Bc5 17.Be2 Be6 18.Qc3 Bxe3 19.Qxe3 Qb4 20.b3 Rfd8 21.Rfd1 Qa3 22.Qc3 Rxd1+
23.Bxd1 Qc5 24.Bf3 Rd8 25.Rd1 Rxd1+ 26.Bxd1 Kf8 27.Be2 Ke7 28.h3 f6 29.Qg3 g6
30.Bg4 Bf7 31.Bc8 b6 32.Qg4 Qd4 33.Qe2 Qd8 34.Bg4 h5 35.Bf3 Qd4 36.g3 a5
37.h4 a4 38.bxa4 Bxc4 39.Qe1 Qc5 40.Qd2 Qa3 41.Bg2 Qxa4 42.Bh3  0-1

[Event "Tanta op"]
[Site "Tanta"]
[Date "1997.??.??"]
[Round "5"]
[White "Elsayed, Moustafa"]
[Black "Tissir, Mohamed"]
[Result "0-1"]
[WhiteElo "2180"]
[BlackElo "2365"]

1.e4 c5 2.Nf3 e6 3.d4 cxd4 4.Nxd4 Nc6 5.Nc3 Qc7 6.Be3 a6 7.Be2 Nf6 8.O-O Be7
9.Kh1 O-O 10.a4 d6 11.f4 Bd7 12.Qe1 Rac8 13.Qg3 Nb4 14.Bd3 Qb8 15.Rae1 Nxd3
16.cxd3 b5 17.axb5 Bxb5 18.Bc1 Qb6 19.Ndxb5 axb5 20.e5 Nh5 21.Qh3 g6 22.exd6 Bxd6
23.Ne4 Be7 24.Be3 Qd8 25.Bd2 f5 26.Ng5 Bxg5 27.fxg5 Rc2 28.Qe3 Qd5 29.Rf3 Rxb2
30.Bc3 Rc2 31.Bb4 Re8 32.d4 Rc4 33.Bc5 e5 34.Qb3 e4 35.Qxb5 Rc8 36.Rff1 Rxd4
37.Rc1 Rd2 38.Rg1 f4 39.Qa6 Ra8 40.Qb6 Qxg5 41.Qe6+ Kg7 42.Bb4 Re8 43.Rc7+ Kh6
44.Rxh7+ Kxh7 45.Qf7+ Kh6 46.Bf8+ Rxf8 47.Qxf8+ Kh7  0-1

[Event "Tanta op"]
[Site "Tanta"]
[Date "1997.??.??"]
[Round "8"]
[White "Hassan, Sayed Barakat"]
[Black "Rahman, Yehya"]
[Result "1-0"]
[WhiteElo "2390"]
[BlackElo "2345"]

1.e4 c5 2.Nc3 e6 3.Nf3 Nc6 4.d4 cxd4 5.Nxd4 Nf6 6.Nxc6 dxc6 7.Qxd8+ Kxd8
8.Bf4 Bb4 9.O-O-O+ Ke7 10.f3 Rd8 11.Bd3 Bxc3 12.bxc3 Ne8 13.e5 h6 14.g4 Rd5
15.c4 Rd7 16.h4 b6 17.h5 f6 18.Rhg1 Ba6 19.exf6+ Nxf6 20.g5 hxg5 21.Rxg5 Rg8
22.Be5 Kf7 23.Rdg1 Rdd8 24.Bh7 Nxh7 25.Rxg7+ Rxg7 26.Rxg7+ Kf8 27.Rxh7 Re8
28.Rh8+  1-0

[Event "Tatry op"]
[Site "Tatranska Lomnica"]
[Date "1997.??.??"]
[Round "3"]
[White "Bekiarisova, Alena"]
[Black "Nizamov, Ildar"]
[Result "1/2-1/2"]
[WhiteElo "2170"]
[BlackElo "2425"]

1.e4 c5 2.Nf3 Nc6 3.d4 cxd4 4.Nxd4 e6 5.Nc3 Qc7 6.Be3 a6 7.g3 Nf6 8.Bg2 d6
9.O-O Be7 10.f4 Bd7 11.Qe2 O-O 12.Kh1 Nxd4 13.Bxd4 e5 14.Be3 Rac8 15.f5 b5
16.a3 Qc4 17.Qf3 Bc6 18.Rf2 Rfe8 19.g4 b4 20.axb4 Qxb4 21.Bc1 d5 22.exd5 e4
23.Qh3 Nxd5 24.Nxe4 Bc5 25.Re2 Qd4 26.Re1 Nf6 27.Be3 Qc4 28.b3 Qb5 29.Nxc5 Bxg2+
30.Qxg2 Rxc5 31.Bxc5 Qxc5 32.Rxe8+ Nxe8 33.Qa8 Qe5 34.Rf1 h6 35.c4 Kh7 36.Qd5 Qb2
37.c5 Nf6 38.Qf3 Qc2 39.c6 a5 40.h4 h5 41.gxh5 a4 42.Qg2 Qxb3 43.h6 Kxh6
44.Rg1 Ne8 45.Re1 Nc7 46.Kh2 a3 47.Qd2+ Kh7 48.Re3 Qa4 49.Qa2 Qxc6 50.Qxf7 Qc2+
51.Kh3 a2 52.Qh5+ Kg8 53.Re8+ Nxe8 54.Qxe8+  1/2-1/2

[Event "Czerniak mem Bikurei Haitim"]
[Site "Tel Aviv"]
[Date "1997.??.??"]
[Round "10"]
[White "Rotstein, Arkadij"]
[Black "Gofshtein, Leonid D"]
[Result "1-0"]
[WhiteElo "2455"]
[BlackElo "2530"]

1.e4 c5 2.Nf3 Nc6 3.Nc3 e6 4.d4 cxd4 5.Nxd4 Qc7 6.g3 a6 7.Bg2 d6 8.O-O Be7
9.Be3 Nf6 10.a4 Na5 11.Qe2 O-O 12.Rad1 Re8 13.h3 g6 14.Kh2 e5 15.Nf3 Be6
16.Nd5 Nxd5 17.exd5 Bf5 18.c3 Rac8 19.Nd2 Bd7 20.Ra1 f5 21.f4 Bf6 22.Qf2 Nc4
23.Nxc4 Qxc4 24.a5 exf4 25.gxf4 Re7 26.Rfe1 Rce8 27.Bf3 Bh4 28.Qxh4 Rxe3
29.Rxe3 Rxe3 30.Bg2 Kg7 31.Rf1 Bb5 32.Rf2 Qc7 33.Rf3 Re2 34.b4 Qc4 35.Qg3 Qa2
36.Re3 Rd2 37.Qg5 Kg8 38.Qd8+ Kg7 39.Re7+  1-0

[Event "DEN-chJ int"]
[Site "Tingkaerskolen"]
[Date "1997.??.??"]
[Round "6"]
[White "Bobras, Piotr"]
[Black "Gustafsson, Jan"]
[Result "0-1"]
[WhiteElo "2295"]
[BlackElo "2355"]

1.e4 c5 2.Nf3 Nc6 3.d4 cxd4 4.Nxd4 e6 5.Nc3 Qc7 6.Be3 a6 7.Bd3 Nf6 8.O-O h5
9.h3 Nxd4 10.Bxd4 Bc5 11.Bxc5 Qxc5 12.Qd2 d6 13.Rae1 Bd7 14.e5 dxe5 15.Qg5 Bc6
16.Be4 O-O-O 17.Qxg7 Qe7 18.Qg5 Rhg8 19.Qh4 Rd4 20.f3 Qc5 21.Qf2 Rd2 22.Re2 Rxe2
23.Nxe2 Nxe4 24.fxe4 Qxf2+ 25.Rxf2 Bxe4 26.Rxf7 Rxg2+ 27.Kf1 Rh2 28.Ng3 Bd5
29.Nxh5 Rxc2 30.Rf2 Rc1+ 31.Ke2 Rh1 32.Nf6 Rxh3 33.b3 Kc7 34.Ng4 Kd6 35.Rf8 Rg3
36.Ne3 Kc5 37.Rd8 Rh3 38.Nc2 Be4 39.b4+ Kb5  0-1

[Event "DEN-chJ int"]
[Site "Tingkaerskolen"]
[Date "1997.??.??"]
[Round "8"]
[White "Van Delft, Merijn"]
[Black "Gustafsson, Jan"]
[Result "1/2-1/2"]
[WhiteElo "2230"]
[BlackElo "2355"]

1.e4 c5 2.Nf3 Nc6 3.d4 cxd4 4.Nxd4 e6 5.Nc3 Qc7 6.Be3 a6 7.Bd3 Nf6 8.O-O h5
9.h3 Nxd4 10.Bxd4 Bc5 11.Bxc5 Qxc5 12.Qe2 d6 13.Rad1 Bd7 14.Rfe1 Bc6 15.a3 h4
16.Na2 Qe5 17.Nb4 Rc8 18.c3 g5 19.Qe3 Ke7 20.Qa7 Qc5 21.Qxc5 dxc5 22.Nxc6+ Rxc6
23.Bb1 Nd7 24.Rd2 Rd6 25.Rxd6 Kxd6 26.Rd1+ Ke7 27.Kf1 Ne5 28.Ke2 Rc8 29.Kd2 Rd8+
30.Kc1 Rg8 31.f3 Rc8 32.Bd3 Rd8 33.Be2 Rxd1+ 34.Kxd1 Kd6 35.Kd2 Nc6 36.Ke3 Ke5
37.Bc4 b5 38.Bf1 c4 39.a4 Na5 40.axb5 axb5 41.Be2 Nb3 42.Bd1 Nc5 43.Bc2 Na6
44.Bd1 Nb8 45.Bc2 Nc6 46.Bd1 Ne7 47.b3 cxb3 48.Bxb3 Ng6 49.Bd1 Nf4 50.Kf2 b4
51.cxb4 Nd3+ 52.Ke3 Nxb4 53.Ba4 Na6 54.Be8 f6 55.Ba4 Nc5 56.Bd1 Nd7 57.Be2 Nf8
58.Bb5 Ng6 59.Ba6 Nf4 60.Bf1 Kd6 61.Kd4 Ng6 62.Be2 e5+ 63.Kc4 Ne7 64.Bd1 Nc6
65.Ba4 Nd4 66.Bd1 Ke7 67.Kc3 Ke6 68.Kd3 Kd7 69.Kc3 Kc6 70.Kb4 Ne6 71.Be2 Nc5
72.Bf1 Ne6 73.Be2 Kd6 74.Kc4 Nf4 75.Bf1 Ke6 76.Kc3 f5 77.Kd2 fxe4 78.fxe4 Nh5
79.Ke3 Kd6 80.Ba6 Kc5 81.Bb7 Kc4 82.Ba6+ Kc3 83.Be2 Nf6 84.Bb5 Kc2 85.Be2 Kc1
86.Bf3 Kc2 87.Be2 Kc3 88.Bb5 Nh7 89.Bd7 Nf6 90.Bb5  1/2-1/2

[Event "Torneo Mayor op"]
[Site "Torneo"]
[Date "1997.??.??"]
[Round "?"]
[White "Riego Prieto, Victorio"]
[Black "Figari, Esteban"]
[Result "1-0"]
[WhiteElo "2220"]
[BlackElo "2045"]

1.e4 c5 2.Nf3 Nc6 3.Nc3 e6 4.d4 cxd4 5.Nxd4 Qc7 6.Ndb5 Qb8 7.a4 a6 8.Na3 Bc5
9.Nc4 Nf6 10.Be3 Bxe3 11.Nxe3 O-O 12.Nc4 b6 13.Qd2 Qc7 14.f4 d5 15.e5 Ne8
16.Na3 f6 17.exf6 Nxf6 18.Bd3 Bb7 19.O-O-O Na5 20.Kb1 Rac8 21.Qe2 Qd6 22.Na2 Ra8
23.Rhe1 Rfe8 24.Qf2 Rac8 25.h3 Nd7 26.Qh4 Nf8 27.Qf2 Nd7 28.g4 Nc5 29.Qh4 Nxd3
30.Rxd3 Qxf4 31.b3 e5 32.Rdd1 Qf8 33.Kb2 d4 34.Qg3 Qc5 35.Qd3 Nc6 36.Qc4+ Qxc4
37.Nxc4 Rcd8 38.Nxb6 a5 39.Nc4 Ba6 40.Nd2 Rf8 41.Ne4 Rf3 42.Nc5 Bc8 43.Rd3 Rf2
44.Rg3 Rdf8 45.Nd3 R2f3 46.Rxf3 Rxf3 47.Nxe5 Re3 48.Rxe3 dxe3 49.Nd3 Nd4
50.Nac1 h5 51.Kc3 Nf3 52.gxh5 Bxh3 53.Nf4 Bf5 54.Nce2 Ne1 55.Nd4 Be4 56.Nd3 Ng2
57.Nc5 Bh7 58.Ne2 Ne1 59.Nd3 Nf3 60.b4 axb4+ 61.Nxb4 Be4 62.Ng3 Bh7 63.Nd5 Kf7
64.Nxe3 Kf6 65.a5 Ne5 66.a6 Nc6 67.Kc4 Ke7 68.Kc5 Kd7 69.Kb6 Bg8 70.Ngf5 Kc8
71.Kxc6 Kb8 72.Kb6 Bf7 73.Nxg7 Bg8 74.c4  1-0

[Event "Toronto"]
[Site "Toronto"]
[Date "1997.??.??"]
[Round "5"]
[White "Ochkoos, Jura"]
[Black "Williams, Paul"]
[Result "1-0"]
[WhiteElo "2280"]
[BlackElo "2235"]

1.e4 c5 2.Nf3 Nc6 3.Nc3 e6 4.d4 cxd4 5.Nxd4 Nf6 6.g3 d6 7.Bg2 Be7 8.O-O O-O
9.Nde2 a6 10.h3 Qc7 11.g4 b5 12.a3 Bb7 13.Ng3 b4 14.axb4 Nxb4 15.g5 Nd7 16.h4 Nb6
17.Nh5 d5 18.Bf4 e5 19.exd5 Rad8 20.d6 Bxd6 21.Nf6+ gxf6 22.gxf6 Kh8 23.Bh6 Rg8
24.Bg7+ Rxg7 25.fxg7+ Kxg7 26.Be4 Kh8 27.Qh5 Bxe4 28.Nxe4 Qe7 29.Ng5 f6 30.Nf7+ Kg7
31.Nxd8 Qxd8 32.c3 N4d5 33.Rxa6 Kh8 34.Ra7 Qg8+ 35.Kh1 Nf4 36.Qf3 Qd5 37.Qxd5 Nbxd5
38.Rd1 Bc5 39.Ra5 Bxf2 40.Raxd5 Nxd5 41.Rxd5 Bxh4 42.b4  1-0

[Event "Nordic Grand Prix"]
[Site "Torshavn"]
[Date "1997.??.??"]
[Round "7"]
[White "Lejlic, Samir"]
[Black "Conquest, Stuart"]
[Result "0-1"]
[WhiteElo "2405"]
[BlackElo "2540"]

1.e4 c5 2.Nf3 e6 3.d4 cxd4 4.Nxd4 Nc6 5.Nc3 a6 6.Be2 d6 7.Be3 Nf6 8.g4 Be7
9.g5 Nd7 10.h4 Na5 11.Qd2 O-O 12.f4 Re8 13.O-O-O b5 14.b4 Nb7 15.Nc6 Qc7
16.Nxe7+ Rxe7 17.h5 Qd8 18.Bd3 a5 19.g6 axb4 20.gxh7+ Kh8 21.Nxb5 Rxa2 22.Qxb4 Ndc5
23.Bd4 e5 24.fxe5 Rxe5 25.Bc4 Ra4 26.Qc3 Nxe4 27.h6 Qg5+ 28.Qe3 Qxe3+ 29.Bxe3 g6
30.Bd4 Rxc4 31.Nxd6 Rxd4 32.Nxf7+ Kxh7 33.Rxd4 Re7 34.Rxe4 Rxf7 35.Rd4 Bf5
36.Rh2 Nc5 37.Rc4 Ne4 38.Rb4 Ng5  0-1

[Event "Toscolano op"]
[Site "Toscolano"]
[Date "1997.??.??"]
[Round "?"]
[White "Agnelli, Francesco"]
[Black "Borgo, Giulio"]
[Result "0-1"]
[WhiteElo "2060"]
[BlackElo "2390"]

1.e4 c5 2.Nf3 e6 3.d4 cxd4 4.Nxd4 Nc6 5.Nc3 Qc7 6.Be3 a6 7.Nxc6 dxc6 8.Bd3 e5
9.O-O Nf6 10.Kh1 Be6 11.Qe1 Bd6 12.f3 Qe7 13.Qf2 Nd7 14.Rfd1 b5 15.a4 O-O
16.axb5 axb5 17.Ne2 Bc5 18.Ng3 g6 19.Qd2 Bxe3 20.Qxe3 Kg7 21.Ra7 Rxa7 22.Qxa7 Qc5
23.Qc7 b4 24.b3 Ra8 25.h3 Ra7 26.Qd8 Nf6 27.Kh2 h5 28.Qb8 Ra2 29.Ne2 h4 30.f4 Nd7
31.Qd8 exf4 32.Qxh4 g5 33.Qh5 Qe5 34.Qf3 Ra8 35.Qf2 Rh8 36.Kg1 Nf6 37.Nd4 Bd7
38.Nf5+ Bxf5 39.exf5 Re8 40.Kf1 Nd5 41.Kg1 Kf6 42.Qc5 Qe3+ 43.Qxe3 Nxe3 44.Ra1 Re5
45.Ra4 Rc5 46.Rxb4 Nxc2 47.Rb7 Ne3 48.Rc7 Nd5 49.Rb7 Ne7 50.Rc7 Rd5 51.Be4 Rb5
52.Bc2 Rb6 53.Kf2 Nd5 54.Rc8 Ke5  0-1

[Event "Toscolano op"]
[Site "Toscolano"]
[Date "1997.??.??"]
[Round "?"]
[White "Samaritani, Fabio"]
[Black "Borgo, Giulio"]
[Result "1/2-1/2"]
[WhiteElo "2220"]
[BlackElo "2390"]

1.e4 c5 2.Nf3 e6 3.d4 cxd4 4.Nxd4 Nc6 5.Nc3 Qc7 6.f4 a6 7.Nxc6 Qxc6 8.Bd3 Bb4
9.Bd2 Ne7 10.a3 Bc5 11.Qe2 d6 12.O-O-O Bd7 13.f5 O-O-O 14.Rhf1 Bd4 15.Na2 Kb8
16.Bc3 Bxc3 17.Nxc3 Qc5 18.Qf2 Qe5 19.Bxa6  1/2-1/2

[Event "Tunis op"]
[Site "Tunis"]
[Date "1997.??.??"]
[Round "2"]
[White "Apicella, Manuel"]
[Black "Al Modiahki, Mohamad"]
[Result "1-0"]
[WhiteElo "2500"]
[BlackElo "2380"]

1.e4 c5 2.Nf3 e6 3.d4 cxd4 4.Nxd4 Nc6 5.Nc3 Qc7 6.Be2 a6 7.O-O Nf6 8.Be3 Bb4
9.Na4 O-O 10.c4 Bd6 11.g3 Nxe4 12.Bf3 f5 13.c5 Be5 14.Rc1 Rd8 15.Nb6 Rb8
16.Bxe4 fxe4 17.Nc4 Bf6 18.b4 Nxb4 19.Bf4 Qxc5 20.Bxb8 Qxd4 21.Bc7 Re8 22.Bb6 Qxd1
23.Rfxd1 Be7 24.Nd6 Bxd6 25.Rxd6 Nd5 26.Bd4 Kf7 27.Re1 Ne7 28.g4 h5 29.h3 hxg4
30.hxg4 Nd5 31.Rxe4 b5 32.f3 Rd8 33.Rexe6 Bb7 34.Rg6 Nf6 35.Bxf6  1-0

[Event "ROM-chT"]
[Site "Tusnad"]
[Date "1997.??.??"]
[Round "?"]
[White "Berescu, Alin"]
[Black "Istrate, Bogdan"]
[Result "1/2-1/2"]
[WhiteElo "2310"]
[BlackElo "2345"]

1.e4 c5 2.Nf3 Nc6 3.d4 cxd4 4.Nxd4 e6 5.Nc3 Qc7 6.Be2 a6 7.O-O Nf6 8.a3 Nxd4
9.Qxd4 Bd6 10.Kh1 Be5 11.Qd3 b5 12.f4 Bxc3 13.bxc3 Bb7 14.e5 Nd5 15.c4 bxc4
16.Qxc4 Qxc4 17.Bxc4 O-O 18.Rb1 Bc6 19.Bd3 Rfc8 20.c4 Nc3 21.Rb3 Ne4 22.Be3 f5
23.Kg1 Kf7  1/2-1/2

[Event "Ubeda op"]
[Site "Ubeda"]
[Date "1997.??.??"]
[Round "4"]
[White "Cuesto Busto, Sergio"]
[Black "De la Riva Aguado, Oscar"]
[Result "1-0"]
[WhiteElo "2100"]
[BlackElo "2480"]

1.e4 c5 2.Nf3 Nc6 3.d4 cxd4 4.Nxd4 e6 5.Nc3 Qc7 6.Be2 a6 7.O-O Nf6 8.Be3 Bb4
9.Na4 Be7 10.Nxc6 bxc6 11.Nb6 Rb8 12.Nxc8 Qxc8 13.e5 Nd5 14.Bd4 c5 15.c4 cxd4
16.cxd5 Qc5 17.Bxa6 Qxd5 18.Qe2 O-O 19.a4 Rb4 20.Bd3 Bd8 21.f4 g6 22.g4 Kh8
23.Ra3 Ba5 24.Be4 d3 25.Bxd3 Bb6+ 26.Rf2  1-0

[Event "Ubeda op"]
[Site "Ubeda"]
[Date "1997.??.??"]
[Round "5"]
[White "Bagaturov, Giorgi"]
[Black "Miles, Anthony J"]
[Result "0-1"]
[WhiteElo "2475"]
[BlackElo "2550"]

1.d4 e6 2.Nf3 c5 3.e4 cxd4 4.Nxd4 Nc6 5.Nc3 Qc7 6.g3 a6 7.Bg2 Nf6 8.O-O Nxd4
9.Qxd4 Bc5 10.Qd3 Ng4 11.Qe2 Ne5 12.Bf4 O-O 13.Rad1 b5 14.Kh1 Bb7 15.Qh5 d6
16.g4 b4 17.Nb1 a5 18.Bg3 Ba6 19.Rfe1 Qa7 20.f4 Nc4 21.f5 exf5 22.gxf5 f6
23.e5 Nxe5 24.Bd5+ Kh8 25.Re4 Be3 26.Bf4 Bxf4 27.Rxf4 h6 28.c4 Bb7 29.Qe2 Rac8
30.b3 a4 31.Rfd4 axb3 32.axb3 Rfe8 33.Qg2 Bxd5 34.Qxd5 Qa2 35.Qxd6 Qxb3 36.c5 Qf3+
37.Kg1 Qxf5  0-1

[Event "Ubeda op"]
[Site "Ubeda"]
[Date "1997.??.??"]
[Round "10"]
[White "Wohl, Aleksandar H"]
[Black "Zapata, Alonso"]
[Result "1/2-1/2"]
[WhiteElo "2425"]
[BlackElo "2515"]

1.e4 c5 2.Nf3 e6 3.d4 cxd4 4.Nxd4 Nc6 5.Nc3 Qc7 6.Be3 a6 7.Bd3 Nf6 8.O-O Nxd4
9.Bxd4 Bc5 10.Bxc5 Qxc5 11.Kh1 b5 12.Qe1 Bb7 13.f3 d6 14.a4 b4 15.Na2 a5
16.c3 bxc3 17.Bb5+ Ke7 18.Nxc3 Rhd8 19.Rc1 Qb6 20.Qf2 Qxf2 21.Rxf2 Rdc8 22.Rfc2 g5
23.Kg1 h5 24.Kf2 h4 25.Ke3 Nh5 26.Ne2 Rxc2 27.Rxc2 Kd8 28.Nd4 Ng7 29.g3 hxg3
30.hxg3 e5 31.Nc6+ Bxc6 32.Rxc6 Ne8 33.Kd3 Ra7 34.Rb6 Nc7 35.Rc6 Ne8 36.Rb6 Nc7  1/2-1/2

[Event "JUG Cup (Women)"]
[Site "Ulcinj"]
[Date "1997.??.??"]
[Round "?"]
[White "Zarkovic, Danijela"]
[Black "Todorovic, Violeta"]
[Result "1-0"]
[WhiteElo "2095"]
[BlackElo "2135"]

1.e4 c5 2.Nf3 e6 3.d4 cxd4 4.Nxd4 Nc6 5.Nc3 d6 6.Be2 Nf6 7.O-O Be7 8.Be3 O-O
9.Kh1 e5 10.Nb3 Be6 11.f4 a5 12.f5 Bd7 13.a4 Nb4 14.Bc4 Bc6 15.Bd5 Qc7 16.h3 Bxd5
17.exd5 Qc4 18.Nd2 Qh4 19.Nf3 Qh5 20.Ne1 Rfc8 21.Rf2 Rc4 22.Qxh5 Nxh5 23.g4 Ng3+
24.Kg2 Ne4 25.Nxe4 Rxe4 26.Kf3 Rc4 27.Rd2 Bh4 28.c3 Bxe1 29.Rxe1 Nd3 30.Ra1 Rac8
31.Kg3 Nc5 32.Bxc5 R8xc5 33.Rd3 f6 34.Ra3 Rc7 35.Kf2 h5 36.Kg3 Kh7 37.Rd2 Kh6
38.Rg2 hxg4 39.hxg4 Kg5 40.Kh3 Rc8 41.Rg3 Rh8+ 42.Kg2 b6 43.Kf3 Rh2 44.Rb3 Rd2
45.Rxb6 Rf4+ 46.Ke3 Rff2 47.Ke4 Rde2+ 48.Re3 Kxg4 49.Rxe2 Rxe2+ 50.Kd3 Kf3
51.Rxd6 e4+ 52.Kc4 Rxb2 53.Re6 e3 54.d6 e2 55.Kc5 Kf2 56.d7 Rd2 57.Kc6 e1=Q
58.Rxe1 Kxe1 59.Kc7 Ke2 60.c4 Ke3 61.c5 Rd5 62.d8=Q Rxc5+ 63.Kb6 Rxf5 64.Qe7+ Kf3
65.Qxg7 Kf4 66.Qg6 Ke4 67.Qg4+ Rf4 68.Qe2+  1-0

[Event "JUG Cup"]
[Site "Ulcinj"]
[Date "1997.??.??"]
[Round "?"]
[White "Matulovic, Milan"]
[Black "Mackic, Zoran"]
[Result "1/2-1/2"]
[WhiteElo "2440"]
[BlackElo "2430"]

1.e4 c5 2.Nf3 e6 3.d4 cxd4 4.Nxd4 Nc6 5.Nc3 Qc7 6.g3 a6 7.Bg2 Nf6 8.O-O Nxd4
9.Qxd4 Bc5 10.Bf4 d6 11.Qd2 h6 12.Rad1 e5 13.Be3 Bg4 14.Bxc5 dxc5 15.Qd6 Rc8
16.Rd2 Qxd6 17.Rxd6 Nd7 18.f3 Ke7 19.Rfd1 Be6 20.f4 Bg4 21.Bf3 Bh3 22.Kf2 Rcd8
23.f5 h5 24.R6d2 Nf6 25.Nd5+ Rxd5 26.Rxd5 Nxd5 27.Rxd5 f6 28.Rxc5 Kd6 29.Rd5+ Ke7
30.Rc5 Kd6 31.Rd5+ Ke7 32.Rd3 Rc8 33.c3 Bg4 34.Bg2 h4 35.gxh4 Bh5 36.Rg3 Kf8
37.Rd3 Ke7 38.Bf3 Bf7 39.b3 a5 40.c4 b6 41.Be2 a4 42.Rg3 axb3 43.axb3 Kf8
44.Ke3 Ra8 45.Kd3 Ra2 46.Re3 Ra1 47.Kd2 Be8 48.Bd3 Rh1 49.h3 Rg1 50.Be2 Ke7
51.Bg4 Bc6 52.Bd1 Kd6 53.b4 Rg2+ 54.Kc3 Rf2 55.h5 Rf1 56.Be2 Rg1 57.Kd2 Be8
58.Rd3+ Kc7 59.Ra3 Bc6 60.Re3 Be8 61.Bd1 Rg2+ 62.Kc3 Rg1 63.Be2 Bf7 64.Kd2 Be8
65.b5 Bd7 66.Rc3 Be8 67.c5 bxc5 68.Rxc5+ Kb7 69.Rd5 Kc7 70.b6+ Kxb6 71.h6 gxh6
72.Rd6+ Kc5 73.Rxf6 Rg2 74.Ke3 Rg3+ 75.Kf2 Rxh3 76.Rf8 Rh2+ 77.Kg3 Rxe2 78.Rxe8 Re3+
79.Kg4 Rxe4+ 80.Kh5 Re1 81.f6 Rf1 82.Kg6 Kd4 83.Rd8+ Kc3 84.f7 e4 85.f8=Q Rxf8
86.Rxf8 e3 87.Re8 Kd2 88.Kxh6 e2  1/2-1/2